000 00460nam a2200145Ia 4500
003 OSt
005 20260130122251.0
008 211028s2018 xx 000 0 und d
040 _cAIMIT LIBRARY
041 _aeng
100 _aRodrigues, Sherryl Dimole; Kudtarkar, Ravi.
_g1616182
_97935
245 _aStudy on performance appraisal system wth respect to employee growth at big bazaar Udupi /
260 _aMangalore
_bRoyce Baretto.
_c2018
942 _2ddc
_cPRO
999 _c219503
_d219503